| 000 | 00364cam a22001097a 4500 | ||
|---|---|---|---|
| 008 | 180718b1958 xxu||||| |||| 00| 0 eng d | ||
| 082 | _aP43x42 | ||
| 245 |
_aSecondary education for all a new drive _cby Ministry of Education, United Nation |
||
| 260 |
_aLondon _bHer Majesty's Stationery Office _c1958 |
||
| 300 | _a10p | ||
| 700 | _aUnited Nation. Ministry of Education | ||
| 999 |
_c415350 _d415350 |
||